000 00448nam a22001697a 4500
005 20160520123138.0
008 160520b xxu||||| |||| 00| 0 eng d
020 _a978-81-89401-26-9
041 _aeng
082 _b3499
100 _aModi P.N. & Seth S.M.
_9874
245 _aHydraulics and Fluid Mechanics including, Hydraulics Machines
260 _bStandard book house
300 _a1395
650 _aDIPLOMA ENGINEERING
_9817
942 _cBK
999 _c1197
_d1197